<?xml version="1.0" encoding="UTF-8"?>
<record
    xmlns:xsi="http://www.w3.org/2001/XMLSchema-instance"
    xsi:schemaLocation="http://www.loc.gov/MARC21/slim http://www.loc.gov/standards/marcxml/schema/MARC21slim.xsd"
    xmlns="http://www.loc.gov/MARC21/slim">

  <leader>02431fam a2200325 a 4500</leader>
  <controlfield tag="001">2268152</controlfield>
  <controlfield tag="003">NUST - PNEC</controlfield>
  <controlfield tag="005">20170116181111.0</controlfield>
  <controlfield tag="008">980722s1999    njua     b    001 0 eng  </controlfield>
  <datafield tag="010" ind1=" " ind2=" ">
    <subfield code="a">   98033811 </subfield>
  </datafield>
  <datafield tag="020" ind1=" " ind2=" ">
    <subfield code="a">013905720X (alk. paper)</subfield>
  </datafield>
  <datafield tag="035" ind1=" " ind2=" ">
    <subfield code="a">(OCoLC)39556562</subfield>
  </datafield>
  <datafield tag="035" ind1=" " ind2=" ">
    <subfield code="a">(OCoLC)ocm39556562</subfield>
  </datafield>
  <datafield tag="035" ind1=" " ind2=" ">
    <subfield code="a">(NNC)2268152</subfield>
  </datafield>
  <datafield tag="040" ind1=" " ind2=" ">
    <subfield code="a">DLC</subfield>
    <subfield code="c">LIBRARY</subfield>
    <subfield code="d">DLC</subfield>
    <subfield code="d">OrLoB-B</subfield>
  </datafield>
  <datafield tag="050" ind1="0" ind2="0">
    <subfield code="a">TA404.8</subfield>
    <subfield code="b">.D68 1999</subfield>
  </datafield>
  <datafield tag="082" ind1="0" ind2="0">
    <subfield code="a">620.11292 DOW</subfield>
    <subfield code="2">21</subfield>
  </datafield>
  <datafield tag="100" ind1="1" ind2=" ">
    <subfield code="a">Dowling, Norman E.,</subfield>
    <subfield code="d">1945-</subfield>
  </datafield>
  <datafield tag="245" ind1="1" ind2="0">
    <subfield code="a">Mechanical behavior of materials :</subfield>
    <subfield code="b">engineering methods for deformation, fracture, and fatigue /</subfield>
    <subfield code="c">Norman E. Dowling.</subfield>
  </datafield>
  <datafield tag="250" ind1=" " ind2=" ">
    <subfield code="a">2nd ed.</subfield>
  </datafield>
  <datafield tag="260" ind1=" " ind2=" ">
    <subfield code="a">Upper Saddle River, NJ :</subfield>
    <subfield code="b">Prentice Hall,</subfield>
    <subfield code="c">c1999.</subfield>
  </datafield>
  <datafield tag="300" ind1=" " ind2=" ">
    <subfield code="a">xviii, 830 p. :</subfield>
    <subfield code="b">ill. ;</subfield>
    <subfield code="c">25 cm.</subfield>
  </datafield>
  <datafield tag="504" ind1=" " ind2=" ">
    <subfield code="a">Includes bibliographical references (p. 807-818) and index.</subfield>
  </datafield>
  <datafield tag="505" ind1="0" ind2="0">
    <subfield code="g">1.</subfield>
    <subfield code="t">Introduction --</subfield>
    <subfield code="g">2.</subfield>
    <subfield code="t">Structure and Deformation in Materials --</subfield>
    <subfield code="g">3.</subfield>
    <subfield code="t">A Survey of Engineering Materials --</subfield>
    <subfield code="g">4.</subfield>
    <subfield code="t">Mechanical Testing: Tension Test and Other Basic Tests --</subfield>
    <subfield code="g">5.</subfield>
    <subfield code="t">Stress-Strain Relationships and Behavior --</subfield>
    <subfield code="g">6.</subfield>
    <subfield code="t">Review of Complex and Principal States of Stress and Strain --</subfield>
    <subfield code="g">7.</subfield>
    <subfield code="t">Yielding and Fracture under Combined Stresses --</subfield>
    <subfield code="g">8.</subfield>
    <subfield code="t">Fracture of Cracked Members --</subfield>
    <subfield code="g">9.</subfield>
    <subfield code="t">Fatigue of Materials: Introduction and Stress-Based Approach --</subfield>
    <subfield code="g">10.</subfield>
    <subfield code="t">Stress-Based Approach to Fatigue: Notched Members --</subfield>
    <subfield code="g">11.</subfield>
    <subfield code="t">Fatigue Crack Growth --</subfield>
    <subfield code="g">12.</subfield>
    <subfield code="t">Plastic Deformation Behavior and Models for Materials --</subfield>
    <subfield code="g">13.</subfield>
    <subfield code="t">Stress-Strain Analysis of Plastically Deforming Members --</subfield>
    <subfield code="g">14.</subfield>
    <subfield code="t">Strain-Based Approach to Fatigue --</subfield>
    <subfield code="g">15.</subfield>
    <subfield code="t">Time-Dependent Behavior: Creep and Damping --</subfield>
    <subfield code="g">App. A.</subfield>
    <subfield code="t">Review of Selected Topics from Mechanics of Materials --</subfield>
    <subfield code="g">App. B.</subfield>
    <subfield code="t">Statistical Variation in Materials Properties.</subfield>
  </datafield>
  <datafield tag="520" ind1=" " ind2=" ">
    <subfield code="a">Comprehensive in scope and readable, this book explores the methods used by engineers to analyze and predict the mechanical behavior of materials. Author Norman E. Dowling provides thorough coverage of materials testing and practical methods for forecasting the strength and life of mechanical parts and structural members.</subfield>
  </datafield>
  <datafield tag="520" ind1="8" ind2=" ">
    <subfield code="a">Mechanical Behavior of Materials also features reviews of materials science and stress and strain. This Second Edition includes updated coverage throughout, additions to the already numerous worked examples, and two new appendices.</subfield>
  </datafield>
  <datafield tag="650" ind1=" " ind2=" ">
    <subfield code="a">Mechanical enginering</subfield>
    <subfield code="9">12946</subfield>
    <subfield code="x">ME</subfield>
  </datafield>
  <datafield tag="900" ind1=" " ind2=" ">
    <subfield code="b">TOC</subfield>
  </datafield>
  <datafield tag="942" ind1=" " ind2=" ">
    <subfield code="2">ddc</subfield>
    <subfield code="c">BK</subfield>
  </datafield>
  <datafield tag="999" ind1=" " ind2=" ">
    <subfield code="c">69131</subfield>
    <subfield code="d">69131</subfield>
  </datafield>
  <datafield tag="952" ind1=" " ind2=" ">
    <subfield code="0">0</subfield>
    <subfield code="1">0</subfield>
    <subfield code="2">ddc</subfield>
    <subfield code="4">0</subfield>
    <subfield code="7">0</subfield>
    <subfield code="a">PNEC</subfield>
    <subfield code="b">PNEC</subfield>
    <subfield code="c">WING-B</subfield>
    <subfield code="d">0000-00-00</subfield>
    <subfield code="l">0</subfield>
    <subfield code="o">620.11292 DOW</subfield>
    <subfield code="p">PNECLIB-024706</subfield>
    <subfield code="r">2015-10-03</subfield>
    <subfield code="w">0000-00-00</subfield>
    <subfield code="y">BK</subfield>
  </datafield>
</record>
